Применение плазменно-дуговой сварки при изготовлении дугогасящих резервуаров из алюминиевого сплава АМг6; Неразрушающий контроль: электронное приборостроение, технологии, безопасность; Т. 2

Библиографические подробности
Источник:Неразрушающий контроль: электронное приборостроение, технологии, безопасность: сборник трудов III Всероссийской научно-практической конференции студентов, аспирантов и молодых учёных, Томск, 27-31 мая 2013 г./ Национальный исследовательский Томский политехнический университет (ТПУ).— , 2013
Т. 2.— 2013.— [С. 72-75]
Главный автор: Бочаров А. И.
Автор-организация: Национальный исследовательский Томский политехнический университет (ТПУ) Институт неразрушающего контроля (ИНК) Кафедра оборудования и технологии сварочного производства (ОТСП)
Другие авторы: Дедюх Р. И. Ростислав Иванович (научный руководитель)
Примечания:Заглавие с титульного экрана
Язык:русский
Опубликовано: 2013
Серии:Современные системы и технологии в неразрушающем контроле
Предметы:
Online-ссылка:http://www.lib.tpu.ru/fulltext/c/2013/C36/V2/021.pdf
Формат: Электронный ресурс Статья
Запись в KOHA:https://koha.lib.tpu.ru/cgi-bin/koha/opac-detail.pl?biblionumber=603396

MARC

LEADER 00000naa2a2200000 4500
001 603396
005 20260305091219.0
035 |a (RuTPU)RU\TPU\conf\580 
035 |a RU\TPU\conf\567 
090 |a 603396 
100 |a 20140115d2013 k y0rusy50 ca 
101 0 |a rus 
102 |a RU 
135 |a drnn ---uucaa 
181 0 |a i  
182 0 |a b 
200 1 |a Применение плазменно-дуговой сварки при изготовлении дугогасящих резервуаров из алюминиевого сплава АМг6  |f А. И. Бочаров  |g науч. рук. Р. И. Дедюх 
203 |a Текст  |c электронный 
225 1 |a Современные системы и технологии в неразрушающем контроле 
300 |a Заглавие с титульного экрана 
320 |a [Библиогр.: с. 74-75 (6 назв.)] 
337 |a Adobe Reader 
461 1 |0 (RuTPU)RU\TPU\conf\33  |t Неразрушающий контроль: электронное приборостроение, технологии, безопасность  |o сборник трудов III Всероссийской научно-практической конференции студентов, аспирантов и молодых учёных, Томск, 27-31 мая 2013 г.  |o в 2 т.  |f Национальный исследовательский Томский политехнический университет (ТПУ)  |d 2013 
463 1 |0 (RuTPU)RU\TPU\conf\35  |t Т. 2  |v [С. 72-75]  |d 2013 
610 1 |a труды учёных ТПУ 
610 1 |a электронный ресурс 
610 1 |a плазменно-дуговая сварка 
610 1 |a дугогасящие резервуары 
610 1 |a резервуары 
610 1 |a алюминиевые сплавы 
610 1 |a АМг6 
700 1 |a Бочаров  |b А. И. 
702 1 |a Дедюх  |b Р. И.  |c специалист в области машиностроения  |c доцент Томского политехнического университета, кандидат технических наук  |c заместитель директора Института физики высоких технологий Томского политехнического университета  |f 1943-  |g Ростислав Иванович  |4 727 
712 0 2 |a Национальный исследовательский Томский политехнический университет (ТПУ)  |b Институт неразрушающего контроля (ИНК)  |b Кафедра оборудования и технологии сварочного производства (ОТСП)  |3 (RuTPU)RU\TPU\col\18708 
801 2 |a RU  |b 63413507  |c 20230522  |g RCR 
856 4 |u http://www.lib.tpu.ru/fulltext/c/2013/C36/V2/021.pdf 
942 |c BK